Luis Caballero : Paintings & drawings /

সংরক্ষণ করুন:
গ্রন্থ-পঞ্জীর বিবরন
প্রধান লেখক: Caballero, Luis
বিন্যাস: গ্রন্থ
ভাষা:ইংরেজি
প্রকাশিত: London Aubrey Walter 1992
ট্যাগগুলো: ট্যাগ যুক্ত করুন
কোনো ট্যাগ নেই, প্রথমজন হিসাবে ট্যাগ করুন!

MARC

LEADER 00000nam a2200000 4500
001 CDOM0000001151
003 mi
005 20250828214041.0
008 250828b |||||||| |||| 00| 0 eng d
020 |a 0854491635 
040 |c mi 
100 |a Caballero, Luis 
245 1 |a Luis Caballero :  |b Paintings & drawings /  |c Luis caballero.   |g Introduced by Edward Lucie-Smith 
260 |a London  |b Aubrey Walter  |c 1992 
300 |a 59 p.  |c ill. (col.)  |c 26 cm. 
942 |2 ddc  |c BK 
952 |0 0  |1 0  |2 ddc  |4 0  |6 B_APT01CABLULUI11  |7 1  |9 5339  |a MI  |b MI  |d 2005-08-22  |i 4749  |l 0  |o B-APT01-CABLU-LUI11  |p CDOM4749  |r 2025-07-13 16:27:00  |w 2025-07-13  |x ACQUISTO  |y BK 
999 |c 4259  |d 4259